Govt. of
Madhya Pradesh

I Am Sorry (Record no. 16697)

MARC details
000 -LEADER
fixed length control field 005300000a22001930004500
001 - CONTROL NUMBER
control field 004812
003 - CONTROL NUMBER IDENTIFIER
control field MACL
005 - DATE AND TIME OF LATEST TRANSACTION
control field 20150731174237.0
008 - FIXED-LENGTH DATA ELEMENTS--GENERAL INFORMATION
fixed length control field 150731b xxu||||| |||| 00| 0 eng d
040 ## - CATALOGING SOURCE
Original cataloging agency MACL
Transcribing agency MACL
041 ## - LANGUAGE CODE
Language code of text/sound track or separate title English
082 ## - DEWEY DECIMAL CLASSIFICATION NUMBER
Classification number 351.001/AGR
100 ## - MAIN ENTRY--PERSONAL NAME
Personal name Agrawal, P.K.
9 (RLIN) 3484
245 ## - TITLE STATEMENT
Title I Am Sorry
Remainder of title Indian Bureaucracy At Crossroads
Statement of responsibility, etc. P.K. Agrawal
260 ## - PUBLICATION, DISTRIBUTION, ETC. (IMPRINT)
Place of publication, distribution, etc. New Delhi
Date of publication, distribution, etc. 2005
Name of publisher, distributor, etc. Manas Publications,
350 ## - PRICE (NR) (BK AM CF MU VM SE) [OBSOLETE]
Price 495
650 ## - SUBJECT ADDED ENTRY--TOPICAL TERM
Topical term or geographic name as entry element Public Administration And Military Science
9 (RLIN) 3421
942 ## - ADDED ENTRY ELEMENTS (KOHA)
Call number prefix 351
Koha item type Books
Source of classification or shelving scheme
Holdings
Withdrawn status Lost status Source of classification or shelving scheme Damaged status Not for loan Home library Current library Date acquired Cost, normal purchase price Total Checkouts Full call number Barcode Date last seen Uniform Resource Identifier Price effective from Koha item type
          MACL MACL 15/04/2015 495.00   351.001/AGR CRE017417 02/05/2024 16607 15/04/2015 Books